Statistics for 1994 FIFA World Cup Knockout Stage

Click here to take the quiz!

General Stats

  • This quiz has been taken 42 times
  • The average score is 13 of 16

Answer Stats

Nation % Correct
Italy
100%
Brazil
97%
Germany
97%
United States
97%
Spain
94%
Sweden
94%
Bulgaria
91%
Argentina
88%
Mexico
88%
Netherlands
84%
Romania
84%
Belgium
72%
Nigeria
69%
Ireland
66%
Switzerland
56%
Saudi Arabia
44%

Score Distribution

Percentile by Number Answered

Percent of People with Each Score

Your Score History

You have not taken this quiz